02334nam a22003015i 4500999001700000003000900017005001700026008004100043020001800084040004300102082002000145245013400165250002800299264008000327300004500407336002600452337002800478338002700506490011200533500002000645520109700665650005801762653002601820655001701846700002701863942001201890952013001902 c27955d27926EG-ScBUE20200126144823.0200126s2019 cc a f 001 0 chi d a9787040390919 aEG-ScBUEbengerdacEG-ScBUEdEG-ScBUE04a495.15bHAN22200a国际汉语教师语法教学手册 =bHandbook on grammar teaching for international Chinese teachers /cedited by Yuling Yang. a第5版bFifth edition. 1aBeijing :bHigher Education Press :bChinese higher education press,c2019. axi, 369 pages :billustrations ;c28 cm. atextbtxt2rdacontent aunmediatedbn2rdamedia avolumebnc2rdacarrier0 a国际汉语教师课堂教学资源丛书 =​aTeaching resource books for international Chinese teachers aIncludes index. aThe book has selected 60 core grammatical points in Modern Chinese, and broken it down into four major categories: Parts of Speech, Sentence Components, Special Sentence Patterns and Set Structures, and Types of Sentences. The book recommends a way that uses precise language, scientific introduction, vivid pictures, and an authentic language environment to explain the grammatical knowledge and practice the grammatical points through listening, speaking, reading, writing and drilling. The book has provided some 1500 grammatical teaching cards. Attached to the book are the Picture Base and the Assessment Page. Both of them can be copied and used by the teachers. The purpose of such an arrangement is to shorten the teachers’ preparation time, alleviate their workload and provide them with more humane service. The book applies to the international Chinese teachers, volunteer teachers, undergraduate and graduate students who major in International Chinese Education. It can be used in teaching International Chinese Education as the major area, vocational training, and self-study. 7aChinese languagexGrammarxStudy and teaching.2BUEsh bHHUUCCHHcJanuary2020 vReading book1 aYang, Yuling,eeditor. 2ddccBB 00102ddc40708BaccahaMAINbMAINc2NDd2020-01-26ePurchasel0o495.15 HANp000048527r2025-07-15 00:00:00w2020-01-26yBB